000 01364nam a2200289 a 4500
001 000013441
005 20250916101735.0
008 091124s1967 dr 000 0 spa d
040 _aDO-SdBNP
_bspa
_cBNPHU
082 _a306.362097293
_bL333n
100 1 _aLarrazábal Blanco, Carlos,
_d1894-1989
_921363
245 1 4 _aLos negros y la esclavitud en Santo Domingo /
_cCarlos Larrazabal Blanco.
260 _aSanto Domingo, :
_bJulio D. Postigo e hijo editores,
_c1967.
300 _a200 p. ;
_c20 cm.
490 1 _aPensamiento dominicano
505 2 _aNotación preliminar-- La introducción de esclavos y sus incidencias -- Procedencia, castas, denominaciones, culturas-- Los negros a través de las ordenanzas locales y de las cédulas reales-- La Iglesia -- Alzamientos y rebeliones -- Los negros fugitivos de accidente -- Tres siglos de vinculación negra.
590 _aInventariado,2018/MFF
650 4 _aEsclavitud en república dominicana
_xHistoria
_921364
650 4 _aEsclavitud e iglesia
_xHistoria
_921365
650 0 _aTrata de esclavos
_921366
650 4 _aNegros
_xVida social y costumbres
_930702
650 4 _aNegros
_zRepública Dominicana
_xHistoria
_917935
650 0 _aEsclavitud
_921367
651 4 _aRepública Dominicana
_xHistoria
_9170
830 0 _aPensamiento dominicano
_919047
910 _aValidado. Control de calidad MMOLINA
999 _c13067
_d13067